01330nam a2200325Ia 4500001001200000003000800012006001900020007001500039008004100054010001700095020004100112040002100153035002100174050002600195082002500221100001900246245009800265260004800363300002300411440004000434504006400474533015200538650002800690650004300718650003400761651003700795655002900832710001700861856012600878ebr10086770CaPaEBRm u cr cn|||||||||920608s1993 nyua sb 001 0 eng d z 92022151  z0195046498 (cloth : acid-free paper) aCaPaEBRcCaPaEBR a(OCoLC)19193473814aBJ1533.H8bN84 1993eb04a305.31/0944/09032201 aNye, Robert A.10aMasculinity and male codes of honor in modern Franceh[electronic resource] /cRobert A. Nye. aNew York :bOxford University Press,c1993. aix, 316 p. :bill. 0aStudies in the history of sexuality aIncludes bibliographical references (p. 297-309) and index. aElectronic reproduction.bPalo Alto, Calif. :cebrary,d2005.nAvailable via World Wide Web.nAccess may be limited to ebrary affiliated libraries. 0aHonorzFrancexHistory. 0aMenzFrancexConduct of lifexHistory. 0aMasculinityzFrancexHistory. 0aFrancexSocial life and customs. 7aElectronic books.2local2 aebrary, Inc.40uhttp://site.ebrary.com/lib/rucke/Doc?id=10086770zAn electronic book accessible through the World Wide Web; click to view